[Event "Arber Seniors op 6th"]
[Site "Bayerisch Eisenstein"]
[Date "2018.08.01"]
[Round "5"]
[White "Bock, Ortwin"]
[Black "Kuempers, Ulrich"]
[Result "1/2-1/2"]
[WhiteElo "1952"]
[BlackElo "2042"]
[PlyCount "100"]
[EventDate "2018.07.28"]
[EventType "swiss"]
[EventRounds "9"]
[EventCountry "GER"]
[SourceTitle "CBM 185 Extra"]
[Source "ChessBase"]
[SourceDate "2018.07.29"]
[SourceVersion "1"]
[SourceVersionDate "2018.07.29"]
[SourceQuality "1"]

1. Nc3 d5 2. e4 dxe4 3. Nxe4 Bf5 4. Qf3 Bxe4 5. Qxe4 c6 6. Bc4 e6 7. Nf3 Nf6 8. Qe2 Bd6 9. d4 0-0 10. Bg5 Nbd7 11. 0-0-0 Qc7 12. Bxf6 Nxf6 13. Ne5 Rfe8 14. f4 Rac8 15. c3 c5 16. Bb3 b5 17. dxc5 Qxc5 18. Kb1 a5 19. Nd3 Qc7 20. g3 a4 21. Bc2 a3 22. Bb3 axb2 23. Nxb2 Ba3 24. Qe5 Qxc3 25. Qxc3 Rxc3 26. Rc1 Ne4 27. Rxc3 Nxc3+ 28. Kc2 Rc8 29. Nd3 Nxa2+ 30. Kd2 Nc3 31. Ra1 Be7 32. Ra7 Bf6 33. Nc5 g6 34. Nxe6 Nb1+ 35. Kd1 Nc3+ 36. Kd2 Ne4+ 37. Kd1 Nd6 38. Ng5 Bxg5 39. fxg5 Rc3 40. Ba2 b4 41. Rd7 Rd3+ 42. Kc2 Rc3+ 43. Kd1 Rc6 44. Bd5 Rb6 45. Kc2 Kf8 46. h4 Ke8 47. Ra7 Kf8 48. Rd7 Ke8 49. Ra7 Kf8 50. Rd7 Ke8 1/2-1/2

[Event "Arber Seniors op 6th"]
[Site "Bayerisch Eisenstein"]
[Date "2018.07.29"]
[Round "2"]
[White "Gulinelli, Euro"]
[Black "Bock, Ortwin"]
[Result "1/2-1/2"]
[WhiteElo "1588"]
[BlackElo "1952"]
[PlyCount "78"]
[EventDate "2018.07.28"]
[EventType "swiss"]
[EventRounds "9"]
[EventCountry "GER"]
[SourceTitle "CBM 185 Extra"]
[Source "ChessBase"]
[SourceDate "2018.07.29"]
[SourceVersion "1"]
[SourceVersionDate "2018.07.29"]
[SourceQuality "1"]

1. e4 Nc6 2. d4 d5 3. e5 f6 4. f4 Bf5 5. Bb5 e6 6. Nf3 Qd7 7. 0-0 a6 8. Bxc6 Qxc6 9. c3 Be7 10. exf6 Bxf6 11. Ne5 Bxe5 12. fxe5 Ne7 13. Nd2 0-0 14. Nf3 Ng6 15. Be3 Qb5 16. Qd2 Qd3 17. Rad1 Qxd2 18. Rxd2 h6 19. Rdf2 Bd3 20. Rd1 Be4 21. Rdf1 Rf5 22. Nd2 Rxf2 23. Rxf2 Bd3 24. Rf3 Rf8 25. Rxf8+ Kxf8 26. Kf2 Ne7 27. g4 g5 28. h4 gxh4 29. Bxh6+ Kf7 30. Kg2 Be2 31. Kh3 Ng6 32. Bg5 c6 33. Bxh4 Nf4+ 34. Kg3 Nd3 35. b3 b5 36. Bd8 Nc1 37. a3 Na2 38. Ba5 Kg6 39. Kh4 Bd1 1/2-1/2

[Event "Niederbayernliga 1112"]
[Site "Bayern"]
[Date "2012.??.??"]
[Round "8"]
[White "Bock, Ortwin"]
[Black "Woitylak, Steffen"]
[Result "1/2-1/2"]
[WhiteElo "1839"]
[BlackElo "1896"]
[PlyCount "153"]
[EventDate "2011.10.??"]
[EventType "team-tourn"]
[EventRounds "9"]
[EventCountry "GER"]
[SourceTitle "EXT 2023"]
[Source "ChessBase"]
[SourceDate "2022.10.05"]
[SourceVersion "1"]
[SourceVersionDate "2022.10.05"]
[SourceQuality "1"]
[WhiteTeam "Landshut II"]
[BlackTeam "Geiselhoering"]
[WhiteTeamCountry "GER"]
[BlackTeamCountry "GER"]

1. e4 c5 2. b4 e6 3. bxc5 Bxc5 4. d4 Bb4+ 5. c3 Ba5 6. Nf3 Qc7 7. Bd2 b6 8. Bd3 Ba6 9. Bxa6 Nxa6 10. Qe2 Nb8 11. 0-0 a6 12. a4 Ne7 13. Re1 0-0 14. Qd3 f5 15. Ra3 Ng6 16. d5 Qd6 17. c4 Bxd2 18. Nbxd2 Ra7 19. Rb3 Qc5 20. Qd4 Qxd4 21. Nxd4 fxe4 22. Rxb6 exd5 23. cxd5 Nf4 24. Reb1 Ra8 25. d6 Nd5 26. Rb7 Nf6 27. Nc4 Nc6 28. Nxc6 dxc6 29. R1b6 Nd5 30. Rxc6 Rae8 31. Ne3 Nxe3 32. fxe3 Rf7 33. Rcc7 Ref8 34. h3 h6 35. Kh2 g5 36. d7 Rd8 37. Rc8 Rfxd7 38. Rxd8+ Rxd8 39. Re7 Rd6 40. Rxe4 Kf7 41. Kg3 Kf6 42. Kf3 Rb6 43. Rc4 Ke5 44. h4 gxh4 45. Rxh4 Rf6+ 46. Rf4 Rb6 47. g4 Ke6 48. Rf5 Rc6 49. Rh5 Kf7 50. a5 Kg7 51. Rd5 Rf6+ 52. Rf5 Rc6 53. e4 Rc3+ 54. Kf4 Ra3 55. Rc5 Ra1 56. Rc7+ Kf8 57. Ke5 Rxa5+ 58. Kf6 Ke8 59. e5 Ra1 60. Rh7 Rf1+ 61. Ke6 Kf8 62. Rxh6 a5 63. Rh8+ Kg7 64. Ra8 Ra1 65. Ke7 a4 66. e6 a3 67. g5 Ra2 68. Ke8 Ra1 69. Ra7+ Kg6 70. e7 a2 71. Ra5 Kg7 72. Ra6 Kh7 73. Kf8 Rf1+ 74. Rf6 a1Q 75. e8Q Rxf6+ 76. gxf6 Qxf6+ 77. Qf7+ 1/2-1/2

[Event "Niederbayernliga 1112"]
[Site "Bayern"]
[Date "2012.??.??"]
[Round "6"]
[White "Fuchsgruber, Helmut"]
[Black "Bock, Ortwin"]
[Result "1-0"]
[WhiteElo "1867"]
[BlackElo "1839"]
[PlyCount "59"]
[EventDate "2011.10.??"]
[EventType "team-tourn"]
[EventRounds "9"]
[EventCountry "GER"]
[SourceTitle "EXT 2023"]
[Source "ChessBase"]
[SourceDate "2022.10.05"]
[SourceVersion "1"]
[SourceVersionDate "2022.10.05"]
[SourceQuality "1"]
[WhiteTeam "Landau Dingolfing"]
[BlackTeam "Landshut II"]
[WhiteTeamCountry "GER"]
[BlackTeamCountry "GER"]

1. d4 c5 2. d5 Nf6 3. Nc3 Qa5 4. Bd2 b5 5. Ne4 Qb6 6. Nxf6+ gxf6 7. e4 d6 8. Qh5 Nd7 9. f4 c4 10. Nf3 Nc5 11. e5 dxe5 12. fxe5 fxe5 13. Nxe5 Qf6 14. Be2 Bf5 15. Bc3 Rg8 16. Nd7 Qxc3+ 17. bxc3 Bxd7 18. 0-0 Rg7 19. Rxf7 0-0-0 20. Raf1 Be8 21. d6 exd6 22. Qd5 Rxf7 23. Rxf7 Bxf7 24. Qxf7 Bh6 25. Qxa7 Rf8 26. Bg4+ Kd8 27. Qb8+ Ke7 28. Qc7+ Kf6 29. Qxd6+ Kg7 30. Qxc5 1-0

[Event "Bad Griesbach Seniors op 14th"]
[Site "Bad Griesbach"]
[Date "2011.12.05"]
[Round "2"]
[White "Johnsen, Gunnar"]
[Black "Bock, Ortwin"]
[Result "1-0"]
[WhiteElo "2137"]
[BlackElo "1846"]
[PlyCount "45"]
[EventDate "2011.12.04"]
[EventType "swiss"]
[EventRounds "7"]
[EventCountry "GER"]
[SourceTitle "EXT 2015"]
[Source "ChessBase"]
[SourceDate "2014.11.20"]
[SourceVersion "1"]
[SourceVersionDate "2014.11.20"]
[SourceQuality "1"]

1. Nf3 Nf6 2. c4 e6 3. g3 c5 4. Bg2 Nc6 5. 0-0 Be7 6. d4 d6 7. Nc3 cxd4 8. Nxd4 Bd7 9. b3 Nxd4 10. Qxd4 Bc6 11. Rd1 Qa5 12. Bb2 Rd8 13. e4 a6 14. a3 Nd7 15. b4 Qc7 16. b5 axb5 17. Qxg7 Bf6 18. Nd5 Bxg7 19. Nxc7+ Kf8 20. Bxg7+ Kxg7 21. cxb5 Nc5 22. bxc6 bxc6 23. Rac1 1-0

[Event "Niederbayernliga 1112"]
[Site "Bayern"]
[Date "2011.??.??"]
[Round "2"]
[White "Bock, Ortwin"]
[Black "Ott, Anton"]
[Result "1-0"]
[WhiteElo "1839"]
[BlackElo "2015"]
[PlyCount "89"]
[EventDate "2011.10.??"]
[EventType "team-tourn"]
[EventRounds "9"]
[EventCountry "GER"]
[SourceTitle "EXT 2023"]
[Source "ChessBase"]
[SourceDate "2022.10.05"]
[SourceVersion "1"]
[SourceVersionDate "2022.10.05"]
[SourceQuality "1"]
[WhiteTeam "Landshut II"]
[BlackTeam "Roehrnbach"]
[WhiteTeamCountry "GER"]
[BlackTeamCountry "GER"]

1. e4 e6 2. d4 d5 3. Nc3 Nf6 4. Bg5 Be7 5. Bxf6 Bxf6 6. e5 Be7 7. Qg4 0-0 8. 0-0-0 c5 9. dxc5 Nc6 10. f4 Qa5 11. Nf3 b6 12. Bb5 Bb7 13. Bxc6 Bxc6 14. Nd4 Bd7 15. Nb3 Qa6 16. Nxd5 exd5 17. Qxd7 Bxc5 18. Nxc5 bxc5 19. Qxd5 c4 20. Qd6 Qb7 21. Qd5 Qa6 22. Qd6 Qb7 23. Qa3 Rac8 24. Qc3 Qa6 25. a3 Qb7 26. g3 h6 27. h4 Rc5 28. Rh2 Rb8 29. Rhd2 Rcc8 30. Rd4 Qb5 31. Rd7 Qb6 32. f5 Re8 33. R7d6 Qb7 34. e6 f6 35. Rd7 Qb6 36. R1d6 Qg1+ 37. Rd1 Qb6 38. Qd4 Qb5 39. Rd5 Qb7 40. Rd7 Qb5 41. g4 Kh8 42. Qc3 Qc5 43. Kb1 h5 44. R7d5 Qb6 45. g5 1-0

[Event "Regionalliga SO 0910"]
[Site "Bayern"]
[Date "2010.03.21"]
[Round "8.8"]
[White "Bock, Ortwin"]
[Black "Boes, Christoph"]
[Result "1/2-1/2"]
[WhiteElo "1816"]
[BlackElo "1874"]
[PlyCount "57"]
[EventDate "2009.10.18"]
[EventType "team-tourn"]
[EventRounds "9"]
[EventCountry "GER"]
[SourceTitle "EXT 2011"]
[Source "ChessBase"]
[SourceDate "2010.11.26"]
[SourceVersion "1"]
[SourceVersionDate "2010.11.26"]
[SourceQuality "1"]
[WhiteTeam "Landshut"]
[BlackTeam "Pang/Rosenheim II"]
[WhiteTeamCountry "GER"]
[BlackTeamCountry "GER"]

1. e4 c5 2. b4 d6 3. bxc5 dxc5 4. Bc4 Nf6 5. Nc3 Nc6 6. d3 a6 7. a4 e6 8. Nf3 Be7 9. 0-0 0-0 10. Ne2 b6 11. Bb2 Bb7 12. Bc3 Qc7 13. Ng3 Rfd8 14. Qe2 Rac8 15. Rab1 Nd7 16. Qe3 Bf6 17. Bxf6 Nxf6 18. h3 h6 19. Rb2 Na5 20. Nd2 Qc6 21. Ra1 Rd6 22. f3 Rcd8 23. Qf2 R6d7 24. e5 Nd5 25. Nge4 Nf4 26. Qe3 Nd5 27. Qf2 Nf4 28. Qe3 Nd5 29. Qf2 1/2-1/2

[Event "Bad Griesbach Seniors op 11th"]
[Site "Bad Griesbach"]
[Date "2008.12.12"]
[Round "6"]
[White "Schubert, Werner"]
[Black "Bock, Ortwin"]
[Result "1/2-1/2"]
[WhiteElo "1995"]
[BlackElo "1838"]
[PlyCount "21"]
[EventDate "2008.12.07"]
[EventType "swiss"]
[EventRounds "7"]
[EventCountry "GER"]
[SourceTitle "EXT 2015"]
[Source "ChessBase"]
[SourceDate "2014.11.20"]
[SourceVersion "1"]
[SourceVersionDate "2014.11.20"]
[SourceQuality "1"]

1. c4 e5 2. Nc3 d6 3. Nf3 f5 4. e3 Nf6 5. d4 e4 6. Nd2 Be7 7. f3 c5 8. fxe4 cxd4 9. exd4 Nc6 10. d5 Ne5 11. Nf3 1/2-1/2

[Event "Bayern-ch Seniors 20th"]
[Site "Bergen"]
[Date "2008.06.13"]
[Round "7.23"]
[White "Eckstein, Helmut"]
[Black "Bock, Ortwin"]
[Result "1/2-1/2"]
[WhiteElo "1651"]
[BlackElo "1808"]
[PlyCount "51"]
[EventDate "2008.06.07"]
[EventType "swiss"]
[EventRounds "9"]
[EventCountry "GER"]
[SourceTitle "EXT 2022"]
[Source "ChessBase"]
[SourceDate "2021.10.06"]
[SourceVersion "1"]
[SourceVersionDate "2021.10.06"]
[SourceQuality "1"]

1. c4 g5 2. d3 g4 3. g3 Bg7 4. Nc3 d6 5. Bg2 Nc6 6. Rb1 Ne5 7. f4 Ng6 8. e4 c5 9. Bd2 Nf6 10. Nge2 0-0 11. 0-0 Bd7 12. b4 Bc6 13. bxc5 dxc5 14. Nd5 Nh5 15. Bc3 e6 16. Bxg7 Nxg7 17. Ndc3 Qd7 18. d4 cxd4 19. Qxd4 Rfd8 20. Qxd7 Rxd7 21. Rfd1 Rad8 22. Rxd7 Rxd7 23. Rd1 Rxd1+ 24. Nxd1 Ne7 25. Nd4 Kf8 26. Nxc6 1/2-1/2

[Event "Bayern-ch Seniors 20th"]
[Site "Bergen"]
[Date "2008.06.12"]
[Round "6.16"]
[White "Bock, Ortwin"]
[Black "Babichev, Vyacheslav"]
[Result "0-1"]
[WhiteElo "1808"]
[BlackElo "1767"]
[PlyCount "100"]
[EventDate "2008.06.07"]
[EventType "swiss"]
[EventRounds "9"]
[EventCountry "GER"]
[SourceTitle "EXT 2022"]
[Source "ChessBase"]
[SourceDate "2021.10.06"]
[SourceVersion "1"]
[SourceVersionDate "2021.10.06"]
[SourceQuality "1"]

1. Nc3 Nf6 2. d4 g6 3. e4 d6 4. Bg5 Bg7 5. Be2 0-0 6. Qd2 Nc6 7. Nf3 a6 8. 0-0 b5 9. a3 Nd7 10. Rad1 f6 11. Bh6 Bxh6 12. Qxh6 e5 13. a4 Nxd4 14. Nxd4 exd4 15. Rxd4 bxa4 16. Bc4+ Kh8 17. f4 Nb6 18. Be2 c5 19. Rd3 Qe7 20. Rfd1 Rd8 21. Rg3 Rg8 22. Rgd3 Rd8 23. Bf3 Bb7 24. Qh4 Kg7 25. Qf2 Rab8 26. Ra1 Bc6 27. b3 c4 28. bxc4 Nxc4 29. Qd4 Bb5 30. Nd5 Qf7 31. Rc3 Rbc8 32. g4 h6 33. g5 hxg5 34. fxg5 Ne5 35. gxf6+ Kf8 36. Bg2 Rxc3 37. Qxc3 Qa7+ 38. Kh1 Ng4 39. h3 Ne5 40. Qd2 Qh7 41. Qd4 Kf7 42. Ra3 Qh6 43. Rc3 Qc1+ 44. Kh2 a3 45. Qf2 Rh8 46. Qa7+ Bd7 47. Qxa6 Ng4+ 48. Kg3 Qe1+ 49. Kf4 Qd2+ 50. Kg3 Qf2# 0-1

[Event "Bayern-ch Seniors 20th"]
[Site "Bergen"]
[Date "2008.06.10"]
[Round "4.28"]
[White "Bock, Ortwin"]
[Black "Mahrla, Hans"]
[Result "1-0"]
[WhiteElo "1808"]
[BlackElo "1587"]
[PlyCount "75"]
[EventDate "2008.06.07"]
[EventType "swiss"]
[EventRounds "9"]
[EventCountry "GER"]
[SourceTitle "EXT 2022"]
[Source "ChessBase"]
[SourceDate "2021.10.06"]
[SourceVersion "1"]
[SourceVersionDate "2021.10.06"]
[SourceQuality "1"]

1. Nc3 d5 2. e4 dxe4 3. Nxe4 b6 4. Qf3 c6 5. Bc4 e6 6. d3 Bb7 7. Ne2 Nd7 8. Bf4 Ndf6 9. 0-0 Nd5 10. Be5 Ngf6 11. a4 Be7 12. Rad1 0-0 13. Qh3 Bc8 14. Qg3 Nh5 15. Qf3 Nhf6 16. c3 c5 17. Nf4 Nd7 18. d4 Nxe5 19. dxe5 Bb7 20. Nxd5 exd5 21. Bxd5 Bxd5 22. Rxd5 Qe8 23. Qd1 Qc6 24. c4 Rad8 25. Nc3 f6 26. f4 a6 27. Qf3 Qc7 28. Qe4 fxe5 29. fxe5 Rxf1+ 30. Kxf1 Re8 31. Rd3 Kh8 32. Nd5 Qc6 33. b3 Bd6 34. Rh3 h6 35. e6 b5 36. axb5 axb5 37. Qg6 Bf8 38. Rxh6+ 1-0

[Event "Bayern-ch Seniors 20th"]
[Site "Bergen"]
[Date "2008.06.09"]
[Round "3.22"]
[White "Wolfram, Gisbert"]
[Black "Bock, Ortwin"]
[Result "1-0"]
[WhiteElo "1606"]
[BlackElo "1808"]
[PlyCount "55"]
[EventDate "2008.06.07"]
[EventType "swiss"]
[EventRounds "9"]
[EventCountry "GER"]
[SourceTitle "EXT 2022"]
[Source "ChessBase"]
[SourceDate "2021.10.06"]
[SourceVersion "1"]
[SourceVersionDate "2021.10.06"]
[SourceQuality "1"]

1. Nf3 f5 2. g3 Nf6 3. Bg2 g6 4. 0-0 Bg7 5. d3 d6 6. Nc3 c6 7. e4 e5 8. Qe2 0-0 9. Rb1 Kh8 10. h3 Na6 11. Bg5 Qe8 12. Qd2 Nc7 13. Bh6 Qe7 14. Rbe1 Be6 15. Bxg7+ Qxg7 16. Ng5 Bg8 17. Kh2 h6 18. Nf3 Nh5 19. d4 fxe4 20. Nxe4 Bc4 21. Rg1 d5 22. Nxe5 dxe4 23. Nxc4 Rad8 24. c3 Ne6 25. Bxe4 Ng5 26. Bg2 Qf7 27. f4 Nxh3 28. Ne5 1-0

[Event "Bayern-ch Seniors 20th"]
[Site "Bergen"]
[Date "2008.06.08"]
[Round "2.1"]
[White "Bock, Ortwin"]
[Black "Scheipl, Ralf"]
[Result "0-1"]
[WhiteElo "1808"]
[BlackElo "2212"]
[PlyCount "48"]
[EventDate "2008.06.07"]
[EventType "swiss"]
[EventRounds "9"]
[EventCountry "GER"]
[SourceTitle "EXT 2022"]
[Source "ChessBase"]
[SourceDate "2021.10.06"]
[SourceVersion "1"]
[SourceVersionDate "2021.10.06"]
[SourceQuality "1"]

1. Nc3 d5 2. e4 e6 3. Nf3 dxe4 4. Nxe4 Nd7 5. d4 Ngf6 6. Bd3 Be7 7. Bg5 Nxe4 8. Bxe7 Qxe7 9. Bxe4 c5 10. 0-0 Nf6 11. Qe2 0-0 12. c3 Rb8 13. Rad1 Nxe4 14. Qxe4 b6 15. Rfe1 Bb7 16. Qf4 Rfd8 17. dxc5 Qxc5 18. Qg3 Rd5 19. Rxd5 Qxd5 20. b3 Rd8 21. Nd4 Qc5 22. h3 g6 23. a4 a6 24. Qe5 Qxc3 0-1

[Event "Bad Griesbach Seniors op 10th"]
[Site "Bad Griesbach"]
[Date "2007.12.05"]
[Round "4"]
[White "Bock, Ortwin"]
[Black "Klein, Reinhard"]
[Result "1-0"]
[WhiteElo "1837"]
[BlackElo "1701"]
[PlyCount "37"]
[EventDate "2007.12.02"]
[EventType "swiss"]
[EventRounds "7"]
[EventCountry "GER"]
[SourceTitle "EXT 2015"]
[Source "ChessBase"]
[SourceDate "2014.11.20"]
[SourceVersion "1"]
[SourceVersionDate "2014.11.20"]
[SourceQuality "1"]

1. e4 c5 2. c3 d5 3. exd5 Qxd5 4. d4 Nc6 5. Nf3 Bg4 6. Be2 cxd4 7. cxd4 0-0-0 8. Nc3 Qf5 9. Be3 e5 10. h3 Qh5 11. Qa4 exd4 12. Nxd4 Bxe2 13. Nxc6 bxc6 14. Qxc6+ Kb8 15. Bf4+ Bd6 16. Bxd6+ Rxd6 17. Qxd6+ Kb7 18. Nxe2 Qa5+ 19. b4 1-0

[Event "Bad Griesbach Seniors op 10th"]
[Site "Bad Griesbach"]
[Date "2007.12.03"]
[Round "2"]
[White "Bock, Ortwin"]
[Black "Wawrinsky, Ludwig"]
[Result "1-0"]
[WhiteElo "1837"]
[BlackElo "1686"]
[PlyCount "135"]
[EventDate "2007.12.02"]
[EventType "swiss"]
[EventRounds "7"]
[EventCountry "GER"]
[SourceTitle "EXT 2015"]
[Source "ChessBase"]
[SourceDate "2014.11.20"]
[SourceVersion "1"]
[SourceVersionDate "2014.11.20"]
[SourceQuality "1"]

1. e4 e6 2. c4 c5 3. Nc3 Nc6 4. g3 g6 5. Bg2 Bg7 6. Nge2 a6 7. 0-0 Nge7 8. d3 0-0 9. Rb1 Rb8 10. Be3 d6 11. f4 b5 12. b3 Nd4 13. Qd2 Nec6 14. e5 dxe5 15. Bxc6 Nxc6 16. Bxc5 Re8 17. Ne4 exf4 18. Qxf4 Rb7 19. Nd6 Be5 20. Nxb7 Qd7 21. Qf2 Bxb7 22. d4 Bg7 23. Rbd1 bxc4 24. bxc4 Nd8 25. d5 Ba8 26. Nf4 exd5 27. cxd5 Qb7 28. Ng2 Qb5 29. Rfe1 Rxe1+ 30. Nxe1 Qa4 31. Qe2 Nb7 32. Bf2 Nd6 33. Qc2 Qg4 34. Ng2 h5 35. Ne3 Qd7 36. Qb3 Kh7 37. Nc4 Ne4 38. Nb6 Qf5 39. Qe3 Nxf2 40. Qxf2 Qg4 41. Qd2 Bb7 42. Qd3 h4 43. Nc4 h3 44. Nd6 Qd7 45. Nxb7 Qxb7 46. g4 Qb6+ 47. Kh1 Qf2 48. Qxh3+ Kg8 49. Qg2 Qc5 50. d6 Bf6 51. Qa8+ Kg7 52. d7 Qc2 53. Qd5 Qe2 54. g5 Be5 55. Qd2 Qf3+ 56. Kg1 Qg4+ 57. Kf1 Qf3+ 58. Ke1 Qh1+ 59. Ke2 Qg2+ 60. Kd3 Qd5+ 61. Ke3 Qc4 62. Kf3 Qe6 63. d8Q Qf5+ 64. Kg2 Qe4+ 65. Kg1 Qc6 66. Q2d5 Qc3 67. Qxe5+ Qxe5 68. Qf6+ 1-0

[Event "Regionalliga SO 0607"]
[Site "Bayern"]
[Date "2007.04.22"]
[Round "9.6"]
[White "Bock, Ortwin"]
[Black "Gruentaler, Gerhard"]
[Result "1-0"]
[WhiteElo "1848"]
[BlackElo "2049"]
[PlyCount "153"]
[EventDate "2006.10.15"]
[EventType "team-tourn"]
[EventRounds "9"]
[EventCountry "GER"]
[SourceTitle "EXT 2008"]
[Source "ChessBase"]
[SourceDate "2007.11.25"]
[SourceVersion "1"]
[SourceVersionDate "2007.11.25"]
[SourceQuality "1"]
[WhiteTeam "Landshut"]
[BlackTeam "Ilmmuenster"]
[WhiteTeamCountry "GER"]
[BlackTeamCountry "GER"]

1. e4 d5 2. Nc3 dxe4 3. Nxe4 Qd5 4. Qf3 Nc6 5. Nc3 Qxf3 6. Nxf3 Bg4 7. Bb5 Bxf3 8. gxf3 Kd7 9. d4 a6 10. Bxc6+ Kxc6 11. d5+ Kd7 12. Be3 Re8 13. 0-0-0 Kc8 14. Ne4 e6 15. Ng5 Nh6 16. dxe6 fxe6 17. Ne4 Nf5 18. Bc5 Nh4 19. Rd3 g6 20. Bd4 Bh6+ 21. Be3 Bxe3+ 22. Rxe3 Ng2 23. Rc3 Re7 24. Rd1 Nf4 25. Rb3 b6 26. c4 e5 27. Re3 Rd8 28. Nc3 c6 29. Na4 Rxd1+ 30. Kxd1 Kc7 31. Nc3 b5 32. b3 Kb6 33. Ne4 Ka5 34. a3 bxc4 35. bxc4 Kb6 36. Kc2 Ne6 37. Kc3 a5 38. Nd6 Kc7 39. Ne4 Nf4 40. Nf6 Kd6 41. Ne4+ Kd7 42. Nc5+ Kd6 43. Ne4+ Ke6 44. Nc5+ Kf5 45. Nb3 Ra7 46. Nc5 g5 47. Ne4 Rd7 48. Ng3+ Kf6 49. Ne4+ Kg6 50. Nc5 Re7 51. Nb3 Ng2 52. Rd3 a4 53. Nc5 Kf5 54. Rd6 Ne1 55. Rxc6 Nxf3 56. h3 Nd4 57. Rh6 Ra7 58. Kd3 Rf7 59. Ne4 Kf4 60. c5 Nf5 61. Re6 Nd4 62. Rb6 Nb3 63. Rb4 Rc7 64. Nd2+ Kf5 65. Nxb3 axb3 66. Kc4 b2 67. Rxb2 Ke4 68. Rb3 Rf7 69. Re3+ Kf4 70. c6 e4 71. Kd5 Rf5+ 72. Kd4 Ra5 73. Rxe4+ Kf3 74. Re3+ Kxf2 75. Rc3 Ra8 76. c7 Rc8 77. Kd5 1-0

[Event "Regionalliga SO 0607"]
[Site "Bayern"]
[Date "2007.04.01"]
[Round "8.7"]
[White "Bock, Ortwin"]
[Black "Jurasic, Marinko"]
[Result "0-1"]
[WhiteElo "1851"]
[BlackElo "1859"]
[PlyCount "80"]
[EventDate "2006.10.15"]
[EventType "team-tourn"]
[EventRounds "9"]
[EventCountry "GER"]
[SourceTitle "EXT 2008"]
[Source "ChessBase"]
[SourceDate "2007.11.25"]
[SourceVersion "1"]
[SourceVersionDate "2007.11.25"]
[SourceQuality "1"]
[WhiteTeam "Landshut"]
[BlackTeam "Straubing"]
[WhiteTeamCountry "GER"]
[BlackTeamCountry "GER"]

1. Nc3 b6 2. e4 Bb7 3. d4 e6 4. a3 Nf6 5. Bd3 Be7 6. Nf3 d6 7. 0-0 h6 8. Qe2 Nbd7 9. Be3 0-0 10. Rfd1 Re8 11. b4 Bf8 12. h3 a6 13. Bf4 Qc8 14. e5 Nd5 15. Nxd5 Bxd5 16. c4 Bb7 17. Nh2 f5 18. Qh5 dxe5 19. dxe5 Re7 20. h4 Qe8 21. Qxe8 Raxe8 22. Be2 g6 23. Bf3 Bxf3 24. Nxf3 Bg7 25. Rd3 Kf7 26. Rad1 Nb8 27. b5 Rc8 28. a4 Ke8 29. Nd4 axb5 30. axb5 c5 31. Nf3 Ra7 32. Rd6 Ke7 33. Rxb6 Rd7 34. Rdd6 Rxd6 35. exd6+ Kd8 36. Ne5 Bxe5 37. Rxb8 Bxf4 38. Rb6 Kd7 39. Rb7+ Kxd6 40. Rg7 g5 0-1

[Event "Bad Griesbach Seniors op 09th"]
[Site "Bad Griesbach"]
[Date "2006.12.07"]
[Round "5"]
[White "Bock, Ortwin"]
[Black "Slacik, Johann"]
[Result "1/2-1/2"]
[WhiteElo "1848"]
[BlackElo "1853"]
[PlyCount "53"]
[EventDate "2006.12.03"]
[EventType "swiss"]
[EventRounds "7"]
[EventCountry "GER"]
[SourceTitle "EXT 2015"]
[Source "ChessBase"]
[SourceDate "2014.11.20"]
[SourceVersion "1"]
[SourceVersionDate "2014.11.20"]
[SourceQuality "1"]

1. e4 c5 2. b4 cxb4 3. d4 d5 4. exd5 Qxd5 5. Nf3 Nc6 6. Be2 Bg4 7. 0-0 e6 8. c4 bxc3 9. Nxc3 Qa5 10. Qb3 Bb4 11. a3 Bxc3 12. Qxb7 Bxa1 13. Qxc6+ Ke7 14. Qxa8 Bxf3 15. Bxf3 Bxd4 16. Qb7+ Kf6 17. h4 h6 18. Qc8 Qb6 19. h5 g5 20. hxg6 Kxg6 21. Qf8 Qc5 22. Be4+ Kf6 23. Qd8+ Kg7 24. Qh4 f5 25. Bc2 Nf6 26. Bb3 Qb6 27. Bxe6 1/2-1/2

[Event "Bad Griesbach Seniors op 09th"]
[Site "Bad Griesbach"]
[Date "2006.12.06"]
[Round "4"]
[White "Reisinger, Georg"]
[Black "Bock, Ortwin"]
[Result "0-1"]
[WhiteElo "1765"]
[BlackElo "1848"]
[PlyCount "86"]
[EventDate "2006.12.03"]
[EventType "swiss"]
[EventRounds "7"]
[EventCountry "GER"]
[SourceTitle "EXT 2015"]
[Source "ChessBase"]
[SourceDate "2014.11.20"]
[SourceVersion "1"]
[SourceVersionDate "2014.11.20"]
[SourceQuality "1"]

1. e4 Nc6 2. d4 d5 3. exd5 Qxd5 4. Be3 e5 5. c3 exd4 6. Nf3 Bg4 7. Be2 0-0-0 8. cxd4 Bb4+ 9. Kf1 Nf6 10. a3 Qa5 11. Nbd2 Bxd2 12. Bxd2 Qh5 13. Rc1 Rhe8 14. Rc5 Rd5 15. Rxd5 Qxd5 16. Be3 Kb8 17. h3 Bh5 18. Qa4 Qe4 19. Qd1 Nd5 20. Bd3 Nxe3+ 21. fxe3 Qxe3 22. g4 Bg6 23. Bxg6 hxg6 24. Rh2 Re4 25. d5 Ne5 26. Nxe5 Rf4+ 27. Kg2 Rf2+ 28. Kh1 Rxh2+ 29. Kxh2 Qxe5+ 30. Kh1 a6 31. Qb3 f5 32. Kg2 f4 33. Kf3 g5 34. Kf2 Qe4 35. a4 c6 36. dxc6 Qxc6 37. Qg8+ Ka7 38. Qxg7 Qc2+ 39. Kf3 Qd3+ 40. Kf2 Qe3+ 41. Kg2 Qg3+ 42. Kf1 Qxh3+ 43. Ke1 Qe3+ 0-1

[Event "Bad Griesbach Seniors op 09th"]
[Site "Bad Griesbach"]
[Date "2006.12.05"]
[Round "3"]
[White "Bock, Ortwin"]
[Black "Alefs, Heinz"]
[Result "1/2-1/2"]
[WhiteElo "1848"]
[BlackElo "1682"]
[PlyCount "35"]
[EventDate "2006.12.03"]
[EventType "swiss"]
[EventRounds "7"]
[EventCountry "GER"]
[SourceTitle "EXT 2015"]
[Source "ChessBase"]
[SourceDate "2014.11.20"]
[SourceVersion "1"]
[SourceVersionDate "2014.11.20"]
[SourceQuality "1"]

1. Nc3 Nc6 2. e4 e5 3. Bc4 Nf6 4. d3 Na5 5. Nf3 Nxc4 6. dxc4 Bb4 7. 0-0 Bxc3 8. bxc3 d6 9. Qd3 b6 10. Bg5 Bb7 11. Rfe1 h6 12. Bxf6 Qxf6 13. Nd2 g5 14. Nf1 Qg6 15. Ng3 0-0-0 16. Nf5 Qe6 17. Ng7 Qg6 18. Nf5 1/2-1/2

[Event "Bad Griesbach Seniors op 09th"]
[Site "Bad Griesbach"]
[Date "2006.12.03"]
[Round "1"]
[White "Bock, Ortwin"]
[Black "Klein, Reinhard"]
[Result "1/2-1/2"]
[WhiteElo "1848"]
[BlackElo "1661"]
[PlyCount "103"]
[EventDate "2006.12.03"]
[EventType "swiss"]
[EventRounds "7"]
[EventCountry "GER"]
[SourceTitle "EXT 2015"]
[Source "ChessBase"]
[SourceDate "2014.11.20"]
[SourceVersion "1"]
[SourceVersionDate "2014.11.20"]
[SourceQuality "1"]

1. e4 c5 2. c3 d6 3. d4 cxd4 4. cxd4 Nf6 5. Nc3 g6 6. Nf3 Bg7 7. Be2 0-0 8. 0-0 a6 9. Bg5 h6 10. Be3 Ng4 11. Qb3 Nxe3 12. fxe3 Nd7 13. Rad1 Qb6 14. Nd5 Qxb3 15. Nxe7+ Kh7 16. axb3 Nf6 17. Nd2 Be6 18. Bf3 Rfe8 19. Nd5 Bxd5 20. exd5 Rxe3 21. Nc4 Rxb3 22. Nxd6 Rxb2 23. Rb1 Nxd5 24. Rxb2 Bxd4+ 25. Kh1 Bxb2 26. Bxd5 Rd8 27. Rxf7+ Kh8 28. Rf6 Bxf6 29. Nf7+ Kg7 30. Nxd8 Bxd8 31. Bxb7 a5 32. Bc6 Bb6 33. g3 Kf6 34. Kg2 Ke5 35. Kf3 Kd4 36. g4 g5 37. Ba4 Kd3 38. h4 gxh4 39. Kg2 Kc4 40. Kh3 Bd8 41. Be8 Kb3 42. Bf7+ Kb4 43. Be8 a4 44. Bxa4 Kxa4 45. Kg2 Kb4 46. Kh3 Kc3 47. Kg2 Kd2 48. Kh1 Ke2 49. Kg2 Bc7 50. Kh1 Bd8 51. Kg2 Bb6 52. Kh1 1/2-1/2